000 02837 a2200289 4500
003 OSt
005 20180116192406.0
008 120703t xxu||||| |||| 00| 0 eng d
010 _a 2001030604
020 _a0262041952 (hc. : alk. paper)
040 _c0
082 0 0 _a720
245 0 0 _aBody and building :
_bessays on the changing relation of body and architecture /
_cedited by George Dodds and Robert Tavernor.
260 _aCambridge, Mass. :
_bMIT Press,
_cc2002.
300 _a427 p. :
_bill. ;
_c24 cm.
500 _aWritten for a symposium held at the University of Pennsylvania in March 1996 in honor of Jospeh Rykwert.
505 8 _aMachine generated contents note: Introduction -- George Baird -- "A Promise as Well as a Memory": Toward an Intellectual Biography ofJoseph Rykwert -- Dalibor Vesely -- The Architectonics of Embodiment -- John Onians -- Greek Temple and Greek Brain -- Mark Wilson Jones -- Doric Figuration -- Robert Tavernor -- Contemplating Perfection through Piero's Eyes -- Alina Payne -- Reclining Bodies: Figural Ornament in Renaissance Architecture -- Simon Pepper -- Body, Diagram, and Geometry in the Renaissance Fortress -- Harry Francis Mallgrave -- Dancing with Vitruvius: Corporeal Fantasies in Northern Classicism -- Vaughan Hart -- On Inigo Jones and the Stuart Legal Body: "Justice and Equity and Proportions Appertaining" -- Karsten Harries -- Sphere and Cross: Vitruvian Reflections on the Pantheon Type -- Alberto Perez-G6mez -- Charles-Etienne Briseux: The Musical Body and the Limits of Instrumentality in Architecture -- Richard Sennett -- The Foreigner -- Neil Leach -- Vitruvius Crucifixus: Architecture, Mimesis, and the Death Instinct -- Marcia F. Feuerstein -- Body and Building inside the Bauhaus's Darker Side: On Oskar Schlemmer -- George Dodds -- Desiring Landscapes/Landscapes of Desire: Scopic and Somatic in the Brion Sanctuary -- Marco Frascari -- A Tradition of Architectural Figures: A Search for Vita Beata -- David Leatherbarrow -- Sitting in the City, or The Body in the World -- William Braham and Paul Emmons -- Upright or Flexible? Exercising Posture in Modern Architecture -- Kenneth Frampton -- Corporeal Experience in the Architecture of Tadao Ando -- Epilogue -- Vittorio Gregotti (translated by George Dodds and Robert Tavernor) -- Joseph Rykwert: An Anthropologist of Architectural History?.
650 1 0 _aArchitecture
_xHuman factors.
_95552
650 1 0 _aBuildings
_xarchitecture
_95553
650 1 0 _aArchitecture
_xStructures
_95554
700 1 _aDodds, George,
_d1958-
_95555
700 1 _aTavernor, Robert.
_95556
700 1 _aRykwert, Joseph,
_d1926-
_95557
856 4 1 _3Table of contents
_uhttp://www.loc.gov/catdir/toc/fy032/2001030604.html
942 _aSADA
_cBK
_k720 BOD 2002
_2ddc
999 _c353393
_d353393